Регионална библиотека "Любен Каравелов" - Русе

Мрежи и системи за пренасяне на данни (Запис номер 59788)

MARC детайли
000 -Лидер
Контролно поле с фиксирана дължина 01453nam a2200349 c 4500
003 - Код на организацията, давaща контролен номер
Контролно поле BLK
005 - Дата и час на последна редакция
Контролно поле 20180420222907.0
008 - Елементи от данни с фиксирана дължина
fixed length control field 180408b bul|||||r ||||||| ||bul||
010 ## - Наследен системен номер
LC control number KNG00063915000
040 ## - Източник на каталожния запис
Идентификатор на билиотеката - собственик на записа BLK
041 ## - Код за език
Код за езика на текст/звукозапис или на отделно заглавие Български
Код за езика КДБФ Български
080 ## - УДК
Текстов определител УДК Съобщителна техника. Вж и 621.3.09. Организация и експлоатация на съобщенията вж 654
УДК код - определител по УДК 621.39
УДК определител (035)
УДК - код + определител 621.39(035)
100 1# - Редна дума - Автор
Автор Арабаджиян, Кеворк А.
Авторска отговорност първи автор
R(LIN) 289257
139 ## - Редно поле
Редна дума Арабаджиян, Кеворк А. и др.
Авторски знак Ар - А 80
245 10 - Сведения за заглавието
Заглавие Мрежи и системи за пренасяне на данни
Подзаглавни данни Ръководство
Редно поле (дума) Кеворк А. Арабаджиян; съавт. Емилия Е. Ташева; съавт. Николай П. Малезанов.
257 ## - Страна на издаване
Страна на създаване/издаване България
260 ## - Област на издателските данни
-- София
Име на издателя, разпространителя и проч. Техника
Година на издаване 1979
300 ## - Физическа характеристика
Страници 272 с.
Размери/Мащаб 22 см
380 ## - Жанр
Жанр Техника
500 ## - Общи забележки
Забележка иблиогр. с. 264 - 268.
650 #4 - Допълнително описание по предмет – тема
Основно описание – тема или топоним Съобщителни линии и мрежи
9 (RLIN) 259486
653 ## - Ключова дума – ненормативна
Ключова дума съобщителни линии и мрежи
653 ## - Ключова дума – ненормативна
Ключова дума данни
653 ## - Ключова дума – ненормативна
Ключова дума ръководства
700 1# - Други автори (авторска отговорност)
Лично име Ташева, Емилия Е.
Автороска отговорност (Описва отношението между автора и произведението) съавт.
9 (RLIN) 289258
700 1# - Други автори (авторска отговорност)
Лично име Малезанов, Николай П.
Автороска отговорност (Описва отношението между автора и произведението) съавт.
9 (RLIN) 91585
852 ## - Местоположение
Форматна сигнатура Цб 100255
856 4# - Електронен адрес и достъп
Електронен формат pdf - файл
Път до файла /url/
856 4# - Електронен адрес и достъп
Електронен формат pdf - файл
Път до файла /url/
942 ## - АРТИКУЛИ
Вид на библиотечния материал Книги
Скрит в OPAC Не
944 ## - СЪЗДАВАНЕ И РЕДАКЦИЯ на ЗАПИСА
Създаване/Редакция Създаване
Дата на регистрацията/редакция 13.06.2004
Служител, извършил регистрацията/редакцията Читалня
944 ## - СЪЗДАВАНЕ И РЕДАКЦИЯ на ЗАПИСА
Създаване/Редакция Редакция
Дата на регистрацията/редакция 17.02.2012
Служител, извършил регистрацията/редакцията
999 ## - СИСТЕМНИ КОНТРОЛНИ НОМЕРА
Koha biblionumber 59788
Koha biblioitemnumber 59788
Наличности
Код за отписване Код за изгубен артикул Източник на класификационната схема Код за повреда Коз за рестрикции Код за отдаване Артикулен № Име на библиотеката - собственик Име на библиотеката, в която се намира в момента Статус (Текущо местоположение) Дата на вписване в системата Местоположение - отдел Цена в лева Инвентарен номер Систематично азбучна сигнатура Баркод Номер на екземпляра Цена в евро Служебна бележка Служебен тип на артикула
Изтеглен Не е изгубен Universal Decimal Classification Не е повреден без рестрикции ползва се в читалня 97705 Регионална библиотека "Любен Каравелов" Русе Регионална библиотека "Любен Каравелов" Русе Читалня 1993-01-01 Читалня 1.50 292218 Ч 621.39/А80 292218 1 0.77 Дата инв: 24.03.2017 Бележки инв: Ч2017 Книги
  Не е изгубен Universal Decimal Classification Не е повреден само за читалня ползва се в читалня 97706 Регионална библиотека "Любен Каравелов" Русе Регионална библиотека "Любен Каравелов" Русе Хранилище 1979-01-01 Хранилище 1.50 290181 Цб 100255 120000290181 2 0.77 Дост: DA Вид: Д N: стар фонд Дата: 01.01.1979 Книги
Vip Innovations Ltd, Rousse, Bulgaria 2025